| 000 | 00373nam a22000977a 4500 | ||
|---|---|---|---|
| 005 | 20250901165614.0 | ||
| 008 | 240321b |||||||| |||| 00| 0 eng d | ||
| 050 | _aTK5105.O74.W55 2002 | ||
| 245 |
_aDREAMWEAVER 4:A QUICK REFERENCE OF MORE THAN 300 DREAMWEAVER TASKS,TERMS AND TRICKS FROM A TO Z. _cWilliamson, Heather A. |
||
| 942 |
_2lcc _hTK5105.O74.W55 2002 |
||
| 999 |
_c6570 _d6570 |
||